| 000 | 00358nam a2200133Ia 4500 | ||
|---|---|---|---|
| 008 | 230818s1982 xx 000 0 und d | ||
| 041 | _aeng | ||
| 100 | _aDouglas | ||
| 245 | _aCassell`s concise french English- English French Dictionary | ||
| 260 |
_bCassell _c1982 |
||
| 300 | _a658p | ||
| 520 | _aHard Board | Misc | ||
| 999 |
_c853763 _d853763 |
||
| 650 | _a English French Dictionary | ||